Voyage aux Etats-Unis ou Tableau de la société américaine ... / (Record no. 158924)

MARC details
000 -LEADER
campo de control de longitud fija 00674nam a22001815i 4500
001 - NÚMERO DE CONTROL
campo de control 158924
003 - IDENTIFICADOR DE NÚMERO DE CONTROL
campo de control ES-MaACL
005 - FECHA Y HORA DE LA ÚLTIMA TRANSACCIÓN
campo de control 20230906211359.0
008 - DATOS DE LONGITUD FIJA--INFORMACIÓN GENERAL
campo de control de longitud fija 040906s1839 fr |||| | fre d
040 ## - FUENTE DE CATALOGACIÓN
Centro catalogador/agencia de origen CAM
Lengua de catalogación spa
Centro/agencia transcriptor CAM
100 1# - ENTRADA PRINCIPAL--NOMBRE DE PERSONA
Nombre de persona Martineau, Harriet.
9 (RLIN) 129569
245 10 - MENCIÓN DEL TÍTULO
Título Voyage aux Etats-Unis ou Tableau de la société américaine ... /
Mención de responsabilidad, etc. par Miss Martineau; traduit de l'anglais par Benjamin Laroche.
250 ## - MENCION DE EDICION
Mención de edición Nouvelle publication.
260 ## - PUBLICACIÓN, DISTRIBUCIÓN, ETC.
Lugar de publicación, distribución, etc. Paris :
Nombre del editor, distribuidor, etc. Pagnerre éditeur,
Fecha de publicación, distribución, etc. 1839 (
Fabricante Imprimerie de Madame Porthmann)
300 ## - DESCRIPCIÓN FÍSICA
Extensión 2 v. (XXIV, 419; 439 p.) ;
Dimensiones 21 cm.
700 1# - ENTRADA AGREGADA--NOMBRE PERSONAL
Nombre de persona Laroche, Benjamin.
9 (RLIN) 128699
852 ## - LOCALIZACIÓN
Ubicación ES-MaACL
Número de control de estantería G-7686-87
Nota libre -- Enc. hol.
Holdings
Estatus retirado Estado de pérdida Estado de daño No para préstamo Colección Biblioteca de origen Biblioteca actual Ubicación en estantería Fecha de adquisición Total de préstamos Signatura topográfica completa Código de barras Visto por última vez Precio de reemplazo Tipo de ítem Koha
        Libros del s. XIX Biblioteca del Ateneo de Madrid Biblioteca del Ateneo de Madrid Sala Pecera Planta 3 17/01/2008   G-7686-87 1166348 23/02/2023 23/02/2023 Libro impreso antiguo